000 00641nam a2200241 i 4500
001 C2-0253406
003 PPAK
005 20180727220639.0
008 040311s1990 enka|||| ||||| | eng d
020 _a0356181200
040 _aPPAK
_beng
_cPPAK
_erda
082 0 4 _a796.8125
_223
090 0 0 _a796.8125
_bPAT
_dR
100 1 _aPatmore, Angela,
_eauthor
245 1 4 _aThe giant of Sumo
264 1 _aGreat Britain :
_bMacDonald ,
_c1990
300 _a159 pages :
_bcolour illustrations ;
_c26 cm
336 _2rdacontent
_atext
337 _2rdamedia
_aunmediated
338 _2rdacarrier
_avolume
650 1 0 _aSumo
942 _ddc
_cB
999 _c66263
_d66263